Wisdom of the west / (Record no. 64109)

MARC details
000 -LEADER
fixed length control field 00556nam a22001697a 4500
005 - DATE AND TIME OF LATEST TRANSACTION
control field 20120317161543.0
020 ## - INTERNATIONAL STANDARD BOOK NUMBER
International Standard Book Number 0517064200
Terms of availability 00.00
035 ## - SYSTEM CONTROL NUMBER
System control number A-943012
037 ## - SOURCE OF ACQUISITION
Stock number DPL
Source of stock number/acquisition ENG
100 ## - MAIN ENTRY--PERSONAL NAME
Personal name Russell, Bertrand
245 ## - TITLE STATEMENT
Title Wisdom of the west /
Statement of responsibility, etc by Bertrand Russell
250 ## - EDITION STATEMENT
Edition statement rprn. 1977
260 ## - PUBLICATION, DISTRIBUTION, ETC. (IMPRINT)
Place of publication, distribution, etc London
Name of publisher, distributor, etc Crescent Books, Inc
Date of publication, distribution, etc 1977
300 ## - PHYSICAL DESCRIPTION
Extent 320p.
Dimensions 30 cms.
942 ## - ADDED ENTRY ELEMENTS (KOHA)
Source of classification or shelving scheme Dewey Decimal Classification
Item type English Books
Classification part 190
Call number suffix RUS
Holdings
Withdrawn status Lost status Not for loan Collection code Home library Current library Date acquired Cost, normal purchase price Full call number Barcode Cost, replacement price Koha item type
      Non-fiction Sarojini Nagar Sarojini Nagar 17/03/2012 0.00 190 RUS A-943012 0.00 English Books

© Delhi Public Library
Hit Counter
free hit counter